Normal view
MARC view
- اعداد Perspection Inc؛ ترجمة مركز التعريب والبرمجة
Entry Personal Name
001 - CONTROL NUMBER
- control field: 28872
003 - CONTROL NUMBER IDENTIFIER
- control field: JO-AjAnu
005 - DATE AND TIME OF LATEST TRANSACTION
- control field: 20230606074904.0
008 - FIXED-LENGTH DATA ELEMENTS
- fixed length control field: 230606|| aca||aabn | a|a d
040 ## - CATALOGING SOURCE
- Original cataloging agency: JO-AjAnu
- Transcribing agency: JO-AjAnu
100 ## - HEADING--PERSONAL NAME
- Personal name: اعداد Perspection Inc؛ ترجمة مركز التعريب والبرمجة
670 ## - SOURCE DATA FOUND
- Source citation: Work cat.: (JO-AjAnu)14821: اعداد Perspection Inc؛ ترجمة مركز التعريب والبرمجة , author, خطوة خطوة Microsoft Power Point 2002: برنامج من مجموعة microsoft office XP